Statistics for Wordle Words IN---

Click here to take the quiz!

General Stats

  • This quiz has been taken 32 times
    (30 since last reset)
  • The average score is 8 of 17

Answer Stats

IN---% Correct
inter
93%
inner
85%
inept
63%
infer
59%
inlet
56%
inset
48%
incur
44%
inert
44%
input
44%
inlay
41%
inked
37%
intro
37%
inure
37%
ingot
30%
inane
22%
index
22%
inbox
15%

Score Distribution

Percentile by Number Answered

Percent of People with Each Score

Your Score History

You have not taken this quiz since the last reset